Most Popular Taco Bell Food Items: Sudden Death! - Statistics

General Stats
  • This quiz has been taken 142 times
  • The average score is 3 of 9
Answers on the Grid
Answers color-coded by a green-red scale on the quiz's grid according to % correct below.
Cheesy Bean & Rice Burrito
Cinnamon Twists
Black Bean Burrito
Grilled Cheese Burrito
Chalupa Supreme
Beefy 5-Layer Burrito
Power Menu Bowl
Chicken Chipotle Melt
Chicken Quesadilla
Chips & Nacho Cheese Sauce
Soft Taco
Grilled Chicken Burrito
Fiesta Veggie Burrito
Fiery Doritos Locos Tacos
Fiesta Taco Salad
Mexican Pizza
Crunchy Taco
Hash Brown Toasted Breakfast Burrito
Steak Quesarito
Crunchwrap Supreme
Loaded Nacho Taco
Cheesy Gordita Crunch
Pintos N Cheese
Spicy Tostada
 
Answer Stats
Answer % Correct
Cheesy Bean & Rice Burrito
58%
Chicken Quesadilla
36%
Crunchwrap Supreme
36%
Crunchy Taco
30%
Soft Taco
30%
Chalupa Supreme
29%
Cheesy Gordita Crunch
28%
Beefy 5-Layer Burrito
24%
Mexican Pizza
21%
No matching quizzes found
Score Distribution
Percent of People with Each Score
Percentile by Number Answered
Your Score History
You have not taken this quiz